Maiores e menores divisas estaduais do Brasil - Statistics

Estatísticas Gerais
  • Esse quiz foi jogado 142 vezes
  • A pontuação média é 13 de 14
Estatísticas das Respostas
Resposta % Correto
Amazonas
100%
Pará
100%
Bahia
98%
Minas Gerais
98%
São Paulo
98%
Goiás
92%
Maranhão
88%
Espírito Santo
87%
Tocantins
87%
Piauí
86%
Alagoas
85%
Acre
83%
Distrito Federal
83%
Rondônia
79%
Nenhum quiz correspondente encontrado
Distribuição das Pontuações
Porcentagem de Pessoas com Cada Pontuação
Percentil de Números Respondidos
Sua Pontuação Histórica
Você não jogou esse quiz